Football Teams David Silva Played For - Statistics

General Stats
  • This quiz has been taken 86 times
  • The average score is 4 of 6
Answer Stats
League Years Team % Correct
England 2011-2020 Manchester City
100%
Spain 2020-2023 Real Sociedad
86%
Spain 2006-2010 Valencia CF
80%
Spain 2003-2004 Valencia Mestalla
80%
Spain 2005-2006 RC Celta de Vigo
23%
Spain 2004-2005 SD Eibar
20%
No matching quizzes found
Score Distribution
Percent of People with Each Score
Percentile by Number Answered
Your Score History
You have not taken this quiz